[Event "3rd Limpedea Cup"]
[Site "Baia Sprie ROU"]
[Date "2011.05.25"]
[Round "3"]
[White "Szabo,G ROM"]
[Black "Smith,Bry"]
[Result "0-1"]
[WhiteElo "2545"]
[BlackElo "2481"]

1.d4 Nf6 2.c4 e6 3.g3 c5 4.d5 exd5 5.cxd5 d6 6.Nc3 g6 7.Bg2 Bg7 8.Nf3 O-O
9.O-O a6 10.a4 Nbd7 11.Nd2 Re8 12.h3 Rb8 13.Nc4 Ne5 14.Na3 Nh5 15.Kh2 Bd7
16.a5 Qxa5 17.f4 b5 18.fxe5 Bxe5 19.Bf4 Qc7 20.Bxe5 Rxe5 21.g4 Ng7 22.Ne4 f5
23.Nf6+ Kh8 24.e4 Rf8 25.g5 Ne8 26.Ng4 Re7 27.Qd2 Rg7 28.Rf2 Qd8 29.Raf1 Qe7
30.Qf4 h5 31.gxh6 Rgf7 32.exf5 gxf5 33.Ne3 Nf6 34.Kh1 Nh5 35.Qf3 Qh4 36.Re1 Ng3+
37.Kh2 Ne4 38.Rfe2 Ng5 39.Qf2 Qxh6 40.Qf4 Rh7 41.Nd1 Qf6 42.Nf2 Nf7 43.Ne4 Qg6
44.Ng3 Ne5 45.Rxe5 dxe5 46.Rxe5 Qf6 47.Re2 Rh4 48.Qf3 Rg8 49.Nc2 b4 50.Ne3 f4
51.Ne4 Qh6 52.Nxc5 Bxh3 53.Bxh3 Rg3 54.Qxg3 fxg3+ 55.Kg2 Rxh3 56.Ng4 Rh2+
57.Nxh2 Qxh2+ 58.Kf3 Qh5+ 59.Ke3 Qxd5 60.Ne4 a5 61.Nxg3 Qb3+ 62.Kf4 a4 63.Nf5 a3
64.bxa3 bxa3 65.Re8+ Kh7 66.Kg5 a2 67.Re7+ Kg8 68.Re8+ Kh7 69.Re7+ Kh8 70.Re8+ Qg8+  0-1

[Event "XXX Zalakaros Open"]
[Site "Zalakaros HUN"]
[Date "2011.05.26"]
[Round "7"]
[White "Webersberger,J"]
[Black "Kende,G"]
[Result "1-0"]
[WhiteElo "2386"]
[BlackElo "2246"]

1.d4 Nf6 2.c4 e6 3.g3 c5 4.d5 exd5 5.cxd5 d6 6.Nc3 g6 7.Bg2 Bg7 8.Nf3 O-O
9.O-O Re8 10.h3 Na6 11.Nd2 Rb8 12.a4 Nb4 13.Nc4 Bf8 14.e4 b6 15.Re1 Ba6 16.b3 Bxc4
17.bxc4 Bg7 18.Rb1 a6 19.Bb2 Rb7 20.f4 Nh5 21.Kh2 Bd4 22.Bf3 Ng7 23.Qd2 f5
24.Re2 Qf6 25.Rbe1 Rbe7 26.Bg2 h6 27.Bf3 Kf7 28.Kg2 h5 29.Kh2 h4 30.g4 fxg4
31.Bxg4 g5 32.e5 dxe5 33.fxg5 Qf4+ 34.Kh1 Qxd2 35.Rxd2 Kg6 36.Ne4 Bxb2 37.Rxb2 Nf5
38.Bxf5+ Kxf5 39.Nd6+ Kxg5 40.Rg2+ Kf4  1-0

[Event "3rd Orissa Open"]
[Site "Bhubaneswar IND"]
[Date "2011.05.29"]
[Round "3"]
[White "Rahman,Zia"]
[Black "Prasad,De"]
[Result "1/2-1/2"]
[WhiteElo "2534"]
[BlackElo "2357"]

1.d4 Nf6 2.c4 e6 3.g3 c5 4.d5 exd5 5.cxd5 d6 6.Nc3 g6 7.Nf3 Bg7 8.Bg2 O-O
9.O-O Na6 10.Nd2 Nc7 11.a4 b6 12.Nc4 Ba6 13.Na3 Re8 14.Re1 Nd7 15.Ncb5 Nxb5
16.Nxb5 Bxb5 17.axb5 f5 18.Ra4 Ne5 19.f4 Ng4 20.e3 Qd7 21.Qb3 Re7 22.h3 Nf6
23.Bd2 Rc8 24.Kh2 Qe8 25.Qd3 a5 26.Bc3 Qf7  1/2-1/2

[Event "3rd Orissa Open"]
[Site "Bhubaneswar IND"]
[Date "2011.05.31"]
[Round "5"]
[White "Ashwin,J"]
[Black "Mchedlishvili,M"]
[Result "1/2-1/2"]
[WhiteElo "2439"]
[BlackElo "2629"]

1.d4 Nf6 2.c4 e6 3.g3 c5 4.d5 exd5 5.cxd5 d6 6.Nc3 g6 7.Bg2 Bg7 8.Nf3 O-O
9.O-O a6 10.a4 Nbd7 11.Nd2 Re8 12.Nc4 Ne5 13.Nxe5 Rxe5 14.e4 Re8 15.h3 Rb8
16.Rb1 Nh5 17.g4 Nf6 18.f4 b5 19.axb5 axb5 20.e5 dxe5 21.fxe5 Nd7 22.Ne4 Qb6
23.Be3 b4 24.Qf3 Nxe5 25.Qf2 f5 26.Bxc5 Qd8 27.gxf5 Bxf5 28.Rbd1 Nc4 29.Ng3 Nxb2
30.Nxf5 gxf5 31.Rd2 Nc4 32.Rd3 Qf6 33.Bd4 Ne5 34.Rg3 b3 35.Bb2 Qb6 36.Bd4 Qf6
37.Bb2 f4 38.Qxf4 Qxf4 39.Rxf4 Ng6 40.Rf2 Re1+ 41.Kh2 Rd1 42.Bxg7 Kxg7 43.Rb2 Rd4
44.Rgxb3 Rxb3 45.Rxb3 Nf4 46.Rb2  1/2-1/2

[Event "3rd Orissa Open"]
[Site "Bhubaneswar IND"]
[Date "2011.06.02"]
[Round "7"]
[White "Babu,NS"]
[Black "Satyapragyan,S"]
[Result "1-0"]
[WhiteElo "2317"]
[BlackElo "2451"]

1.d4 Nf6 2.c4 e6 3.g3 c5 4.d5 exd5 5.cxd5 d6 6.Bg2 g6 7.e4 Bg7 8.Ne2 O-O
9.O-O Re8 10.Qc2 b5 11.f4 Nbd7 12.Bf3 Bb7 13.a4 a6 14.axb5 axb5 15.Rxa8 Bxa8
16.b3 Qb6 17.Kg2 h5 18.h3 Nh7 19.Bb2 Bxb2 20.Qxb2 Bb7 21.Nbc3 Ndf6 22.b4 c4
23.Qd2 Bc8 24.Ra1 Bd7 25.Qd4 Qb8 26.Ng1 Re7 27.Ra6 Ne8 28.Qb6 Qc8 29.Qa5 Kg7
30.Ra8 Qc7 31.Qxc7 Nxc7 32.Ra5 Nf6 33.Nge2 Re8 34.Nd4 Rc8 35.e5 Nfe8 36.g4 g5
37.Ra7 hxg4 38.hxg4 Kf8 39.exd6 Nxd6 40.fxg5 Ke7 41.Kg3 Kd8 42.Kf4 Rb8 43.Ke5 Rb6
44.Nc6+ Bxc6 45.dxc6 Nc8 46.Rb7 Na6 47.Nxb5 Nxb4 48.Rd7+ Ke8 49.Nc7+ Kf8
50.Rd8+ Kg7 51.Rxc8 c3 52.Be4 Nxc6+ 53.Bxc6 c2 54.Be4  1-0

[Event "Mayor's Cup of Good Wine"]
[Site "Hustopece CZE"]
[Date "2011.06.04"]
[Round "8"]
[White "Haba,P"]
[Black "Laznicka,V"]
[Result "0-1"]
[WhiteElo "2504"]
[BlackElo "2681"]

1.d4 Nf6 2.c4 e6 3.g3 c5 4.Nf3 b6 5.Bg2 Bb7 6.d5 exd5 7.Nh4 g6 8.Nc3 Bg7
9.Nxd5 Bxd5 10.Bxd5 Nxd5 11.Qxd5 Nc6 12.Bg5 f6 13.Bd2 Ne7 14.Qd6 Rc8 15.Bc3 Rc6
16.Qd2 d5 17.cxd5 Qxd5 18.Qxd5 Nxd5 19.O-O-O Nxc3 20.bxc3 f5 21.Rd3 c4 22.Re3+ Kd7
23.Rd1+ Rd6 24.Ng2 Rc8 25.Nf4 Rxd1+ 26.Kxd1 Rc5 27.Ne6 Rd5+ 28.Kc2 Bh6 29.f4 Rd6
30.Nd4 Bg7 31.Nf3 Rd5 32.Nd2 b5 33.Rf3 Rd6 34.e4 Ra6 35.Kb1 Ke6 36.Re3 fxe4
37.Nxe4 Kf5 38.Nd2 Ra3 39.Ne4 b4 40.Nd6+ Kg4 41.Nxc4 Rxc3 42.Ne5+ Kh3 43.Rxc3 bxc3
44.Nf3 Kg2 45.Ng5 h5 46.Nf7 Kxh2 47.Ne5 Kxg3 48.Nxg6 h4  0-1

[Event "Voronezh Master Open"]
[Site "Voronezh RUS"]
[Date "2011.06.12"]
[Round "1.26"]
[White "Baraeva,M"]
[Black "Kurukin,D"]
[Result "0-1"]
[WhiteElo "2170"]
[BlackElo "2409"]

1.d4 Nf6 2.c4 e6 3.g3 c5 4.Nf3 cxd4 5.Nxd4 Bc5 6.Bg2 Nc6 7.Nb3 Be7 8.O-O b6
9.Nc3 Ba6 10.Nd2 O-O 11.b3 Rc8 12.Bb2 d5 13.cxd5 exd5 14.Re1 Re8 15.Rc1 h6
16.h3 Bf8 17.Nf3 d4 18.Na4 Bb4 19.Nd2 Re6 20.a3 Bf8 21.Bf1 Nd7 22.b4 Nde5
23.f4 Nd7 24.Nb3 Rg6 25.Kh2 Bd6 26.e3 Bxf1 27.Rxf1 dxe3 28.Qf3 Ne7 29.Rxc8 Qxc8
30.Nd4 Nf6 31.Qxe3 Qa6 32.Rc1 Qxa4 33.Qc3 Nfd5  0-1

[Event "25th Open Pula"]
[Site "Pula CRO"]
[Date "2011.06.20"]
[Round "3.7"]
[White "Skrbin,K"]
[Black "Saric,A"]
[Result "0-1"]
[WhiteElo "2264"]
[BlackElo "2489"]

1.d4 Nf6 2.c4 e6 3.g3 c5 4.d5 exd5 5.cxd5 d6 6.Nc3 g6 7.Bg2 Bg7 8.Nf3 O-O
9.O-O Re8 10.Nd2 a6 11.a4 Nbd7 12.h3 Rb8 13.Nc4 Ne5 14.Na3 Nh5 15.e4 Bd7
16.a5 b5 17.axb6 Bb5 18.Naxb5 axb5 19.Nxb5 Qxb6 20.Nc3 c4 21.g4 Nf6 22.Ra2 Nd3
23.Qe2 Nd7 24.Be3 Qb3 25.Ra7 N7c5 26.Bxc5 Nxc5 27.Nd1 Nd3 28.Ra6 Be5 29.Rc6 Rec8
30.g5 Rxc6 31.dxc6 Rc8 32.Qg4 Rxc6 33.Qd7 Qb6 34.Ne3 Qc7 35.Qe8+ Kg7 36.Nd5 Qc8
37.Qe7 Qf8 38.Qd7 Rc8 39.f4 Bd4+ 40.Kh1 Qd8 41.Qb7 Rb8 42.Qa6 Nxb2 43.e5 dxe5
44.fxe5 Qxg5 45.e6 Rf8 46.Qb7 Kh6 47.e7 Rh8 48.Qd7 Be5 49.Nf6 Bxf6 50.e8=Q Rxe8
51.Qxe8 Kg7 52.Qd7 Nd3 53.Bd5 Ne5 54.Qc7 Qe3 55.Bg2 Nd3 56.Rf3 Nf2+ 57.Kg1 Nxh3+
58.Kf1 Qg1+  0-1

[Event "49th National Challengers ch-IND"]
[Site "Aurangabad IND"]
[Date "2011.06.21"]
[Round "8"]
[White "Ashwin,J"]
[Black "Swapnil,SD"]
[Result "0-1"]
[WhiteElo "2439"]
[BlackElo "2425"]

1.d4 Nf6 2.c4 e6 3.g3 c5 4.d5 exd5 5.cxd5 d6 6.Nc3 g6 7.Nf3 Bg7 8.Bg2 O-O
9.O-O a6 10.a4 Re8 11.Nd2 Nbd7 12.h3 Rb8 13.Nc4 Ne5 14.Na3 Nh5 15.e4 Bd7
16.a5 Qxa5 17.g4 Nf6 18.f4 Nexg4 19.hxg4 Nxg4 20.f5 h5 21.Bg5 Qb4 22.Qf3 Ne5
23.Qe2 b5 24.Kh1 Qb3 25.f6 Bf8 26.Qc2 Qxc2 27.Nxc2 b4 28.Nd1 Bb5 29.Rg1 Kh7
30.Nf2 Bh6 31.Bxh6 Kxh6 32.Bf1 Ra8 33.Ra5 Bxf1 34.Rxf1 Nc4 35.Rfa1 b3 36.Ne1 Nxa5
37.Rxa5 c4 38.Nf3 Rac8 39.Rxa6 c3 40.bxc3 b2 41.Nd2 Rxc3 42.Kg2 Rc2 43.Nb1 Rxe4
44.Kf3 Re1 45.Ne4 Rxb1 46.Nxd6 Rf1+ 47.Kg3 Rxf6  0-1

[Event "64th ch-RUS HL"]
[Site "Taganrog RUS"]
[Date "2011.06.26"]
[Round "11"]
[White "Landa,K"]
[Black "Kornev,Alexei"]
[Result "0-1"]
[WhiteElo "2613"]
[BlackElo "2511"]

1.d4 Nf6 2.c4 e6 3.g3 c5 4.Nf3 cxd4 5.Nxd4 d5 6.Bg2 e5 7.Nf3 d4 8.e3 Bb4+
9.Bd2 Bxd2+ 10.Qxd2 Nc6 11.exd4 exd4 12.O-O O-O 13.Re1 Qb6 14.Na3 Bf5 15.Qg5 Qxb2
16.Qxf5 Qxa3 17.Ne5 Nxe5 18.Qxe5 d3 19.Red1 Rad8 20.Bxb7 d2 21.Kg2 Rfe8 22.Qf4 Qc3
23.Bc6 Re6 24.Bd5 Nxd5 25.cxd5 Re1 26.Rab1 h6 27.Rb3 Qxb3 28.axb3 Rxd1 29.Qd4 Rb1
30.Qxd2 Rxb3 31.Qa5 Rd7 32.Qc5 Rb8 33.d6 Rbd8 34.Qa5 g6 35.g4 Rxd6 36.Qxa7 Rd4
37.Kg3 Rd3+ 38.Kg2 R8d4 39.h3 Rd6 40.Qb8+ Kh7 41.Qb5 Rd2 42.Qb4 Rd7 43.Qf4 R2d6
44.Qf3 Re6 45.h4 Re5 46.Qf6 Red5 47.Qc6 R7d6 48.Qb7 Kg7 49.Qb2+ Rd4 50.f3 Kh7
51.Kg3 Rd3 52.Qe2 R3d5 53.Qc4 h5 54.gxh5 gxh5 55.Qe4+ Kg7 56.f4 Rb5 57.Qc4 Rf5
58.Kh3 Rdf6 59.Qe2 Kh6 60.Qg2 Rxf4 61.Qg5+ Kh7 62.Qxh5+ Rh6 63.Qe5 Rfxh4+
64.Kg3 Rh1 65.Qd5 Rf1 66.Qe4+ Rg6+ 67.Kh2 Rf2+ 68.Kh1 Rf6 69.Kh2 Re6 70.Qb7 Rg7
71.Qb1+ Reg6 72.Qf5 Kh8 73.Qc8+ Rg8 74.Qh3+ Kg7 75.Qc3+ f6 76.Qc7+ Kh8 77.Qf4 R8g7
78.Qb8+ Kh7 79.Qb1 Re7 80.Kh3 Kg7 81.Qd3 Rg5 82.Qd6 Rf7 83.Qd8 Kh7 84.Kh4 Kg7
85.Kh3 Rg1 86.Kh4 Rg2 87.Kh3 Rg5 88.Kh4 Rb7 89.Kh3 Ra7 90.Kh2 Rg6 91.Kh3 Kh7
92.Kh2 Rag7 93.Qd3 Kh8 94.Qd8+ Rg8 95.Qd2 Rg5 96.Qe2 R5g7  0-1

[Event "TCh-TUR 2011"]
[Site "Konya TUR"]
[Date "2011.06.29"]
[Round "2"]
[White "Dogan,A"]
[Black "Sirin,A"]
[Result "1/2-1/2"]
[WhiteElo "2130"]
[BlackElo "2230"]

1.d4 Nf6 2.c4 e6 3.g3 c5 4.d5 exd5 5.cxd5 d6 6.Nc3 g6 7.Bg2 Bg7 8.Nf3 O-O
9.O-O a6 10.a4 Nbd7 11.h3 b6 12.Nd2 Ne8 13.e4 Ra7 14.Nc4 Ne5 15.Ne3 f5 16.f4 Nf7
17.exf5 gxf5 18.Qc2 Nh6 19.Nc4 Nf6 20.Re1 Nh5 21.Kh2 Bf6 22.Qd1 Nxg3 23.Kxg3 Rg7+
24.Kh2 Bd4 25.Qh5 Qf6 26.Be3 Rg6 27.Qf3 Qh4 28.Bxd4 cxd4 29.Ne2 b5 30.axb5 axb5
31.Nxd6 Rxd6 32.Qg3+ Ng4+ 33.Kg1 Qxg3 34.Nxg3 Ne3 35.Ra7 Bd7 36.Nf1 Nxg2
37.Kxg2 Rxd5 38.Ng3 Bc6 39.Kf2 Rf7 40.Ra6 Rc5 41.Re2 d3 42.Rd2 Re7 43.b4 Rc4
44.Nxf5 Rxf4+ 45.Kg3 Rxf5 46.Rxc6 Re3+ 47.Kg2 Rff3 48.Rc5 Rg3+ 49.Kh2 Rxh3+
50.Kg2 Rhg3+ 51.Kh2 Rh3+ 52.Kg2 Reg3+ 53.Kf2 Rg6 54.Rd1 Rh2+ 55.Ke3 d2 56.Rd5 Rg3+
57.Kf4 Rb3 58.Rxb5 Rh4+ 59.Kg5 Rd4 60.Kf6 Rf4+ 61.Ke5 Rfxb4  1/2-1/2

[Event "TCh-TUR 2011"]
[Site "Konya TUR"]
[Date "2011.07.01"]
[Round "4"]
[White "Atalik,S"]
[Black "Haznedaroglu,K"]
[Result "1-0"]
[WhiteElo "2616"]
[BlackElo "2444"]

1.d4 Nf6 2.c4 e6 3.g3 c5 4.d5 exd5 5.cxd5 d6 6.Nc3 g6 7.Nf3 Bg7 8.Bg2 O-O
9.O-O a6 10.a4 Re8 11.Bf4 h6 12.Qc1 g5 13.Bd2 Nbd7 14.h4 g4 15.Ne1 h5 16.Bh6 Nf8
17.Bxg7 Kxg7 18.Nc2 Rb8 19.b4 cxb4 20.Nxb4 Bf5 21.Qb2 Kg8 22.a5 N8d7 23.Rfd1 Nc5
24.Rd4 Bg6 25.e3 Nfd7 26.Ne2 Ne5 27.Nf4 Rc8 28.Qa3 Qf6 29.Rad1 Rc7 30.Nxg6 Qxg6
31.Rf4 Ncd7 32.Be4 Qg7 33.Nd3 Nxd3 34.Bxd3 Nc5 35.Bb1 Re5 36.Qb4 Qh6 37.Qb6 Rce7
38.Bf5 Kg7 39.Rdd4 Re8 40.Kg2 Kg8 41.Qb1 Kh8 42.Qd1 R8e7 43.Rb4 Qf8 44.Rb6 Qd8
45.Bb1 Kg7 46.Qc2 Ne4 47.Rb4 f5 48.Qb2 Kg6 49.Rxb7 Qxa5 50.Bxe4 Rxb7 51.Qxb7 Rxe4
52.Qa8 Qc7 53.Qxa6 Rxf4 54.gxf4 Qe7 55.Kg3 Qe4 56.Qxd6+ Kh7 57.Qd7+ Kh8 58.Kh2 Qf3
59.Qe8+ Kg7 60.Qe7+ Kg8 61.Qg5+ Kh8 62.Qxh5+ Kg7 63.Qg5+ Kh8 64.Qd8+ Kg7
65.Qd7+ Kf6 66.Qc6+ Kf7 67.Qc7+ Kg6 68.Qb6+ Kh5 69.Qb2 Qxd5 70.Qg7 g3+ 71.Kxg3  1-0

[Event "1st Crakow Closed GM"]
[Site "Krakow POL"]
[Date "2011.07.03"]
[Round "1.2"]
[White "Andersen,Mad"]
[Black "Fauland,A"]
[Result "1/2-1/2"]
[WhiteElo "2422"]
[BlackElo "2477"]

1.d4 Nf6 2.c4 e6 3.g3 c5 4.d5 exd5 5.cxd5 d6 6.Nc3 g6 7.Bg2 Bg7 8.Nf3 O-O
9.O-O Na6 10.Nd2 Nc7 11.a4 b6 12.Nc4 Ba6 13.Na3 Qd7 14.Re1 Nh5 15.e4 f5 16.exf5 Qxf5
17.Be3 Bxc3 18.bxc3 Nf6 19.c4 Ng4 20.Bf4 Rae8 21.Rxe8 Rxe8 22.Bh3 Nxf2 23.Bxf5 Nxd1
24.Rxd1 gxf5 25.Bxd6 Rc8 26.Be5 Kf7 27.Ra1 Bb7 28.Rf1 Kg6 29.g4 fxg4 30.Rf6+ Kg5
31.Rf7 Bxd5 32.Rxc7 Rxc7 33.Bxc7 Bc6 34.Bb8 a6 35.Bc7 Bxa4 36.Bxb6 Kf5 37.Bxc5 Ke4
38.Kf2 Kd3 39.Kg3 h5 40.Kf4 Be8 41.Bb4 Kd4 42.Be1 Bf7 43.Kf5 Be8 44.Ke6 Kc5
45.Ke5 Bg6 46.Bh4 Kb4 47.Be7+ Kb3 48.c5 Be8 49.Kd6 Kxa3 50.c6 Bxc6 51.Kxc6+ Kb3
52.Kd5 Kc3 53.Ke4 Kd2 54.Kf4 Ke2 55.Kg3 a5 56.Bd6 Kf1 57.Kh4 Kg2 58.Kxh5 Kh3  1/2-1/2

[Event "Karvina Open"]
[Site "Karvina CZE"]
[Date "2011.07.06"]
[Round "5"]
[White "Rojicek,V"]
[Black "Andreev,Ed UKR"]
[Result "1/2-1/2"]
[WhiteElo "2396"]
[BlackElo "2458"]

1.d4 Nf6 2.c4 e6 3.g3 c5 4.d5 exd5 5.cxd5 d6 6.Nc3 g6 7.Bg2 Bg7 8.Nf3 O-O
9.O-O Na6 10.h3 Re8 11.Nd2 Nc7 12.a4 b6 13.e4 Ba6 14.Re1 Nd7 15.Nf3 Qe7 16.Bg5 Bf6
17.e5 Bxg5 18.exd6 Qxd6 19.Rxe8+ Rxe8 20.Nxg5 Kg7 21.Nge4 Qe5 22.f4 Qd4+
23.Kh2 Qxd1 24.Rxd1 Rd8 25.Nd6 Nf6 26.Ndb5 Bxb5 27.axb5 a6 28.bxa6 Nxa6 29.d6 Nb4
30.Nb5 Nc2 31.Bf3 Ne3 32.Rd3 Nc4 33.b3 Na5 34.g4 h6 35.g5 hxg5 36.fxg5 Nh5
37.Bxh5 gxh5 38.Kg3 Nc6 39.Kh4 f6 40.Rd5 Ne5 41.Nc7 Kf7 42.gxf6 Kxf6 43.Rd1 Nf3+
44.Kxh5 Nd4 45.Nd5+  1/2-1/2

[Event "86th ch-Paris IdF"]
[Site "Paris FRA"]
[Date "2011.07.07"]
[Round "6.6"]
[White "Sethuraman,S"]
[Black "Debray,C"]
[Result "1-0"]
[WhiteElo "2529"]
[BlackElo "2364"]

1.d4 Nf6 2.c4 e6 3.g3 c5 4.d5 exd5 5.cxd5 b5 6.e4 Nxe4 7.Bg2 Nd6 8.Nf3 Be7
9.O-O O-O 10.Re1 Bb7 11.Bf4 Re8 12.Nc3 b4 13.Bxd6 Bxd6 14.Rxe8+ Qxe8 15.Nb5 Qf8
16.Nd2 Ba6 17.Nxd6 Qxd6 18.Ne4 Qe5 19.Nxc5 d6 20.Qe1 Qxe1+ 21.Rxe1 Kf8 22.Ne4 Nd7
23.Nxd6 Nf6 24.Rc1 Rd8 25.Rc6 Bd3 26.Nb7 Re8 27.h3 Re1+ 28.Kh2 Re2 29.Rc8+ Re8
30.Rc7 Re2 31.d6 Bf5 32.g4 Be6 33.g5 Ne8 34.d7 Bxd7 35.Rxd7  1-0

[Event "Lev Polugaevsky Mem"]
[Site "Samara RUS"]
[Date "2011.07.07"]
[Round "3"]
[White "Borisenko,An"]
[Black "Shaposhnikov,E"]
[Result "0-1"]
[WhiteElo "2376"]
[BlackElo "2540"]

1.d4 Nf6 2.c4 e6 3.g3 c5 4.d5 exd5 5.cxd5 b5 6.Nf3 g6 7.Bg2 Bg7 8.a4 b4 9.Ne5 d6
10.Nc4 Ba6 11.Nbd2 O-O 12.O-O Re8 13.Re1 Qe7 14.Qc2 Nbd7 15.a5 Rab8 16.Nb3 Ng4
17.Bd2 Qf6 18.f4 Bxc4 19.Qxc4 Ne3 20.Bxe3 Rxe3 21.Rab1 Rbe8 22.Nd2 Qf5 23.Bf3 Bd4
24.Kg2 g5 25.fxg5 Ne5 26.Qb5 Nd3 27.Nf1 R3e7 28.b3 Nxe1+ 29.Rxe1 Qxg5 30.Rd1 f5
31.Qa6 Qh6 32.Qc4 f4 33.Bg4 fxg3 34.hxg3 Rf8 35.Bf3 Rg7 36.Rd3 Be5 37.Bg4 Kh8
38.Rf3 Rxf3 39.exf3 Qg6 40.Qb5 h5 41.Be6 Bxg3  0-1

[Event "111th ch-SUI"]
[Site "Leukerbad SUI"]
[Date "2011.07.08"]
[Round "2"]
[White "Gerber,R"]
[Black "Schiendorfer,F"]
[Result "1-0"]
[WhiteElo "2381"]
[BlackElo "2151"]

1.d4 e6 2.c4 Nf6 3.g3 c5 4.d5 exd5 5.cxd5 b5 6.Bg2 d6 7.b4 cxb4 8.Bb2 Nbd7
9.Nf3 Nc5 10.Nd4 Bd7 11.Nc6 Bxc6 12.dxc6 Rc8 13.a3 Na4 14.Bd4 d5 15.Qd3 a6
16.Bxf6 Qxf6 17.Qxd5 Nb6 18.Qe4+ Be7 19.Ra2 b3 20.Rd2 O-O 21.O-O Rfe8 22.Rd3 Bxa3
23.Qg4 Bc5 24.Rxb3 Nc4 25.Qh5 Ne5 26.Nc3 g6 27.Ne4 Qe7 28.Qh6 Kh8 29.e3 f6
30.Rc1 Bb6 31.Qf4 Kg7 32.h4 Bc7 33.Rd1 Nxc6 34.Nd6 Bxd6 35.Rxd6 Ne5 36.Rxa6 Rc4
37.e4 b4 38.Rb6 h5 39.Bf1 Rd4 40.Ba6 Red8 41.Kg2 R8d6 42.Rb7 Rd7 43.Qe3 Qd6
44.Rxd7+ Nxd7 45.Rd3 Rxd3 46.Bxd3 Nc5 47.Bc2 Qc6 48.f3 Qb5 49.e5 f5 50.e6 Kf8
51.Qe5 Ke7 52.Bb3 Qc6 53.Qg7+ Kd6 54.e7 Qe8 55.Qf6+ Kc7 56.Bf7  1-0

[Event "Lev Polugaevsky Mem"]
[Site "Samara RUS"]
[Date "2011.07.11"]
[Round "7"]
[White "Yaksin,O"]
[Black "Vanifatov,Y"]
[Result "1/2-1/2"]
[WhiteElo "2414"]
[BlackElo "2165"]

1.d4 Nf6 2.c4 e6 3.g3 c5 4.Nf3 cxd4 5.Nxd4 Bb4+ 6.Nd2 Nc6 7.Nc2 Be7 8.Bg2 d5
9.O-O O-O 10.b3 e5 11.Bb2 Be6 12.cxd5 Nxd5 13.Nc4 f6 14.Qc1 Qc7 15.N2e3 Rfd8
16.Nxd5 Bxd5 17.Ne3 Be6 18.Bxc6 Qxc6 19.Qxc6 bxc6 20.Rfc1 Rdc8 21.Nc4 Rc7
22.e4 a5 23.Rab1 Rb7 24.Nd2 Ra6 25.a4 Bb4 26.Bc3 Kf7 27.Kf1 Ke7 28.Bxb4+ Rxb4
29.Ke2 Kd6 30.Rc3 c5 31.Rd3+ Rd4 32.Rc3 Rb4 33.Rbc1 Rc6 34.f3 c4 35.Kf2 Rcb6
36.bxc4 Kc5 37.Ra3 Bd7 38.Ke3 Rxa4 39.Rd3 Be6 40.Nb3+ Kc6 41.h4 Rb7  1/2-1/2

[Event "111th ch-SUI"]
[Site "Leukerbad SUI"]
[Date "2011.07.12"]
[Round "6"]
[White "Carron,J"]
[Black "Kurmann,O"]
[Result "1/2-1/2"]
[WhiteElo "2355"]
[BlackElo "2431"]

1.d4 Nf6 2.c4 e6 3.g3 c5 4.d5 exd5 5.cxd5 d6 6.Nc3 g6 7.Nf3 Bg7 8.Bg2 O-O
9.O-O a6 10.a4 Nbd7 11.Bf4 Qe7 12.h3 Nh5 13.Bg5 f6 14.Bd2 f5 15.e4 f4 16.g4 Nhf6
17.Qc1 g5 18.Nxg5 Ne5 19.f3 Nh5 20.Ne6 Bxe6 21.dxe6 Ng3 22.Qc2 Nxf1 23.Rxf1 Qxe6
24.Nd5 Ng6 25.Nc7 Qa2 26.Nxa8 Rxa8 27.a5 Qxb2 28.Rc1 Rb8 29.Bf1 Qd4+ 30.Kh1 b5
31.axb6 Rxb6 32.Qa2+ Kh8 33.Qa5 Qb2 34.Bd3 Qb3 35.Be2 Bd4 36.Rf1 Be5 37.Be1 Ne7
38.Qd2 c4 39.Qa5 Qb5 40.Qa2 Rc6 41.Bh4 Ng6 42.Bf2 Qb3 43.Qa5 Qb8 44.Qa4 Qc7
45.Rc1 a5 46.Rxc4 Rxc4 47.Bxc4 Kg7 48.Qb5 Bf6 49.Bb6 Qe7 50.Qxa5 Ne5 51.Be2 Qb7
52.Qa7 Qxa7 53.Bxa7 Kf7 54.Kg2 Ke6 55.Bd1 Nd3 56.Kf1 Nb4 57.Ke2 Bh4 58.Bd4 Nc6
59.Bb3+ Ke7 60.Bc3 Bf6  1/2-1/2

[Event "Open ch-SVK A"]
[Site "Banska Stiavnica SVK"]
[Date "2011.07.13"]
[Round "5"]
[White "Gleizerov,E"]
[Black "Medvegy,Z"]
[Result "1-0"]
[WhiteElo "2590"]
[BlackElo "2527"]

1.d4 Nf6 2.c4 e6 3.g3 c5 4.d5 exd5 5.cxd5 b5 6.Nf3 Bb7 7.e4 Nxe4 8.Bg2 Be7
9.O-O O-O 10.Re1 Nd6 11.Bf4 Na6 12.Nc3 b4 13.Bxd6 Bxd6 14.Ne4 Qc7 15.Nfd2 Be5
16.Nc4 Rae8 17.Qh5 g6 18.Qh4 Bg7 19.Ncd6 Re5 20.Nf6+ Bxf6 21.Qxf6  1-0

[Event "Open ch-SVK A"]
[Site "Banska Stiavnica SVK"]
[Date "2011.07.14"]
[Round "6"]
[White "Dolnak,Michal"]
[Black "Straka,Jos"]
[Result "1/2-1/2"]
[WhiteElo "2043"]
[BlackElo "2305"]

1.d4 Nf6 2.c4 e6 3.g3 c5 4.Nf3 cxd4 5.Nxd4 a6 6.Bg2 Nc6 7.O-O Qc7 8.Nc3 Be7
9.b3 O-O 10.Bb2 d6 11.Ne4 Nxe4 12.Bxe4 Bd7 13.Nc2 Rad8 14.Ne3 f5 15.Bf3 Ne5
16.Bh1 f4 17.Ng2 g5 18.Ne1 Bc6 19.Nf3 fxg3 20.hxg3 Nxf3+ 21.Bxf3 Bxf3 22.exf3 Qc6
23.f4 Qc5 24.Qe2 Qf5 25.Rfe1 gxf4 26.Qxe6+ Qxe6 27.Rxe6 Rf7 28.gxf4 Bf8 29.Rd1  1/2-1/2

[Event "St Pauli Open"]
[Site "Hamburg GER"]
[Date "2011.07.14"]
[Round "7.5"]
[White "Nedic,D"]
[Black "Wenzel,B"]
[Result "1-0"]
[WhiteElo "2268"]
[BlackElo "2019"]

1.d4 Nf6 2.c4 e6 3.g3 c5 4.d5 exd5 5.cxd5 b5 6.Nf3 Bb7 7.e4 Nxe4 8.Bg2 Be7
9.O-O O-O 10.Re1 f5 11.Nc3 Nxc3 12.bxc3 Bf6 13.Rb1 Bxc3 14.Re3 Ba5 15.Rxb5 Ba6
16.Rb1 d6 17.Re6 h6 18.Bf4 Bc7 19.Nh4 Rf6 20.Qh5 Nd7 21.Rbe1 Rxe6 22.dxe6 Nf6
23.Qf7+  1-0

[Event "8th South Wales Int"]
[Site "Penarth WLS"]
[Date "2011.07.14"]
[Round "9.3"]
[White "Martyn,R"]
[Black "Arkell,K"]
[Result "0-1"]
[WhiteElo "2264"]
[BlackElo "2432"]

1.d4 Nf6 2.c4 e6 3.g3 c5 4.d5 exd5 5.cxd5 d6 6.Nc3 g6 7.Bg2 Bg7 8.Nf3 O-O
9.O-O a6 10.a4 Re8 11.Re1 Ne4 12.Nxe4 Rxe4 13.Nd2 Rb4 14.Ra2 b5 15.axb5 a5
16.b3 Nd7 17.Ne4 Qe7 18.Qc2 Rxb5 19.Bg5 Qf8 20.Bd2 Nf6 21.Nxf6+ Bxf6 22.e4 Qd8
23.Bf1 Rb7 24.Bc4 Bd7 25.Bc3 Bb5 26.f4 Bxc3 27.Qxc3 Bxc4 28.bxc4 a4 29.Rea1 Rb4
30.e5 Qd7 31.Qc2 dxe5 32.fxe5 Qg4 33.Rc1 Qd4+ 34.Qf2 Rxc4 35.Rxc4 Qxc4 36.d6 Rb8
37.d7 Rb1+ 38.Kg2 Qd5+ 39.Kh3 Qxd7+ 40.Kg2 Qd5+ 41.Kh3 Qe6+ 42.Kg2 Qxe5 43.Rc2 Qd5+
44.Kh3 a3 45.Rxc5 Qe6+ 46.Kg2 Rb2 47.Rc2 Qe4+  0-1

[Event "Oberwart Open"]
[Site "Oberwart AUT"]
[Date "2011.07.16"]
[Round "8"]
[White "Schreiner,Pe"]
[Black "Lizak,P"]
[Result "1/2-1/2"]
[WhiteElo "2326"]
[BlackElo "2391"]

1.d4 Nf6 2.c4 e6 3.g3 c5 4.d5 exd5 5.cxd5 d6 6.Nc3 g6 7.Nf3 Bg7 8.Bg2 O-O
9.O-O Re8 10.Nd2 a6 11.a4 Nbd7 12.Nc4 Ne5 13.Na3 Nh5 14.h3 Rb8 15.Kh2 Bd7
16.Ne4 Qe7 17.a5 f5 18.Nc3 Nf6 19.f4 Nf7 20.Nc4 Bb5 21.Qb3 Bxc4 22.Qxc4 h5
23.Bf3 Nh6 24.Rg1 Ne4 25.e3 Nxc3 26.bxc3 b5 27.axb6 Rxb6 28.Bd2 Qb7 29.Ra2 Rb2
30.Rg2 Kf7 31.Be2 Ng8 32.Be1 Rxa2  1/2-1/2

[Event "III Corporation Cup A"]
[Site "Izhevsk RUS"]
[Date "2011.07.18"]
[Round "4"]
[White "Yaksin,O"]
[Black "Dvoirys,S"]
[Result "1/2-1/2"]
[WhiteElo "2414"]
[BlackElo "2554"]

1.d4 Nf6 2.c4 e6 3.g3 c5 4.Nf3 cxd4 5.Nxd4 Qc7 6.Nd2 Nc6 7.Nb5 Qb8 8.Bg2 a6
9.Nc3 b5 10.O-O Be7 11.Nde4 Nxe4 12.Nxe4 bxc4 13.Bf4 e5 14.Bg5 f6 15.Be3 O-O
16.Qd5+ Kh8 17.Qxc4 a5 18.Nc5 Ra7 19.Bxc6 dxc6 20.Ne6 Bxe6 21.Qxe6 Rc7 22.b3 Qb5
23.Rac1 Qxe2 24.Bb6 Rb7 25.Rxc6 Qxa2 26.Rc8 Qa3 27.Rfc1 Rb8 28.R1c7 Rbxc8
29.Rxc8 a4 30.bxa4 Qxa4 31.Rc7 Ba3 32.Ra7 Qc2 33.Qd7 Rg8 34.Be3 Bc5 35.Bxc5 Qxc5
36.h4 h6 37.Rc7 Qb4 38.Kg2 Qe4+ 39.Kg1 Qf3 40.Ra7 e4 41.Qe7 Qg4 42.Qd7 f5
43.Qd4 Rf8 44.Ra6 Kh7 45.Kh2 Re8 46.Qe3 Rb8 47.Rxh6+ gxh6  1/2-1/2

[Event "2nd Girona Open"]
[Site "Girona ESP"]
[Date "2011.07.21"]
[Round "8"]
[White "Caballero Maytin,J"]
[Black "Subirana Bonet,Daniel"]
[Result "0-1"]
[WhiteElo "2070"]
[BlackElo "2007"]

1.d4 Nf6 2.c4 e6 3.g3 c5 4.Nf3 d5 5.Bg2 Nc6 6.O-O dxc4 7.Qa4 Bd7 8.Qxc4 cxd4
9.Nxd4 Rc8 10.Nc3 Nxd4 11.Qxd4 Bc5 12.Qd3 Bc6 13.Qxd8+ Kxd8 14.Bg5 Bxg2 15.Bxf6+ gxf6
16.Kxg2 Ke7 17.Rfd1 Rhd8 18.Rxd8 Rxd8 19.Rd1 Rc8 20.a3 Bxa3 21.Rc1 Bxb2 22.Nd5+ Kd8
23.Rb1 exd5 24.Rxb2 Rc7 25.Kf3 Ke7 26.Ra2 a6 27.Ke3 Kd6 28.Kd4 Rc8 29.Kd3 Rc6
30.e4 dxe4+ 31.Kxe4 b5 32.Kd4 Kc7 33.Kd5 Kb6 34.f4 b4 35.Kd4 a5 36.Re2 Kb5
37.Re7 b3 38.Rxf7 b2  0-1

[Event "Najdorf Memorial"]
[Site "Warsaw POL"]
[Date "2011.07.22"]
[Round "9.33"]
[White "Krasenkova,I"]
[Black "Delega,T"]
[Result "0-1"]
[WhiteElo "2092"]
[BlackElo "2176"]

1.d4 Nf6 2.c4 e6 3.g3 c5 4.d5 exd5 5.cxd5 b5 6.Bg2 d6 7.b4 cxb4 8.a3 g6 9.axb4 Bg7
10.Bb2 O-O 11.Qb3 a5 12.bxa5 b4 13.Qxb4 Na6 14.Qd2 Nc5 15.Ra2 Bf5 16.Nc3 Rxa5
17.f3 Rxa2 18.Nxa2 Re8 19.Nc1 Qb8 20.Bd4 Qb5 21.g4 Nd3+ 22.Kf1 Nxc1 23.Qxc1 Rc8
24.Qb2 Qxb2 25.Bxb2 Bd7 26.Nh3 Rc2 27.Bxf6 Bxf6 28.Kf2 Bd4+ 29.Kg3 Rxe2 30.Rd1 Be5+
31.f4 Bc3 32.Bf1 Re3+ 33.Kf2 Bxg4 34.Kxe3 Bxd1 35.Bd3 f5 36.Bc4 Bb4 37.Kf2 h6
38.Be2 Bc5+ 39.Kf1 Bxe2+ 40.Kxe2 Kf7 41.Kf3 Kf6 42.Kg2 g5 43.Kg3 Be3 44.Kf3 Bd4
45.Kg3 Kg6 46.Kg2 Kh5 47.fxg5 hxg5 48.Kg3 f4+ 49.Kg2 Be3 50.Kh1 Kg4 51.Kg2 f3+
52.Kh1 f2 53.Nxf2+ Bxf2 54.h3+ Kf3 55.Kh2 Bh4  0-1